000
00262nam a2200097Ia 4500
001
1049246
005
20250826232309.0
008
250824s9999 xx 000 0 und d
245
0
_a
ABDÜLHAMİDİN KURTLARLA DANSI 1
_c
MUSTAFA ARMAĞAN
260
_b
KETEBE YAYINLARI
999
_c
1049246
_d
1049246